Communicate with emotional intelligence (Record no. 3533)

000 -LEADER
fixed length control field nam a22 a 4500
003 - CONTROL NUMBER IDENTIFIER
control field AKMAL
005 - DATE AND TIME OF LATEST TRANSACTION
control field 20170523104718.0
008 - FIXED-LENGTH DATA ELEMENTS--GENERAL INFORMATION
fixed length control field 170523s200u my a e 000 0 eng d
020 ## - INTERNATIONAL STANDARD BOOK NUMBER
International Standard Book Number 9789673221219 (pbk.) :
Terms of availability RM20.90
040 ## - CATALOGING SOURCE
Original cataloging agency AKMAL
082 04 - DEWEY DECIMAL CLASSIFICATION NUMBER
Classification number 658.45 EAT
Edition number 22
090 20 - LOCALLY ASSIGNED LC-TYPE CALL NUMBER (OCLC); LOCAL CALL NUMBER (RLIN)
Classification number (OCLC) (R) ; Classification number, CALL (RLIN) (NR) 658.45
Local cutter number (OCLC) ; Book number/undivided call number, CALL (RLIN) EAT
100 1# - MAIN ENTRY--PERSONAL NAME
Personal name Eaton, John
9 (RLIN) 7050
245 10 - TITLE STATEMENT
Title Communicate with emotional intelligence
Statement of responsibility, etc. John Eaton & Roy Johnson
260 ## - PUBLICATION, DISTRIBUTION, ETC.
Place of publication, distribution, etc. Kuala Lumpur :
Name of publisher, distributor, etc. Synergy Media ,
Date of publication, distribution, etc. [200-]
300 ## - PHYSICAL DESCRIPTION
Extent 139p. :
Other physical details ill. ;
Dimensions 21cm.
500 ## - GENERAL NOTE
General note First published by Jaico Publishing House
520 ## - SUMMARY, ETC.
Summary, etc. Use personal competencies and key relationship skills to influence others and get results
650 10 - SUBJECT ADDED ENTRY--TOPICAL TERM
Topical term or geographic name entry element Communication in management
9 (RLIN) 2708
650 20 - SUBJECT ADDED ENTRY--TOPICAL TERM
Topical term or geographic name entry element Emotional intelligence
9 (RLIN) 1040
700 1# - ADDED ENTRY--PERSONAL NAME
Personal name Johnson, Roy,
Dates associated with a name 1944-
9 (RLIN) 7051
942 ## - ADDED ENTRY ELEMENTS (KOHA)
Source of classification or shelving scheme
Koha item type Book
Holdings
Withdrawn status Lost status Source of classification or shelving scheme Damaged status Not for loan Collection code Home library Current library Shelving location Date acquired Inventory number Total Checkouts Full call number Barcode Date last seen Price effective from Koha item type
          NON-FICTION AKMAL Melaka AKMAL Melaka PINJAMAN 23.05.2017 602628   658.45 EAT 201704541 23.05.2017 23.05.2017 Book
          NON-FICTION AKMAL Melaka AKMAL Melaka PINJAMAN 23.05.2017 602629   658.45 EAT 201704540 23.05.2017 23.05.2017 Book
Pusat Sumber Maklumat Dato' Haji Sarmin Md Hussin, Akademi Kastam Diraja Malaysia, Melaka
Tel: 06-2331106 | Faks: 06-2313787